<?xml version="1.0" encoding="UTF-8"?>
<record
    xmlns:xsi="http://www.w3.org/2001/XMLSchema-instance"
    xsi:schemaLocation="http://www.loc.gov/MARC21/slim http://www.loc.gov/standards/marcxml/schema/MARC21slim.xsd"
    xmlns="http://www.loc.gov/MARC21/slim">

  <leader>01576nam a22002657a 4500</leader>
  <controlfield tag="003">NALT</controlfield>
  <controlfield tag="005">20240930133553.0</controlfield>
  <controlfield tag="008">      s2545    th                  tha d</controlfield>
  <datafield tag="020" ind1=" " ind2=" ">
    <subfield code="a">9742725721</subfield>
  </datafield>
  <datafield tag="040" ind1=" " ind2=" ">
    <subfield code="a">NALT</subfield>
  </datafield>
  <datafield tag="041" ind1=" " ind2=" ">
    <subfield code="a">tha</subfield>
  </datafield>
  <datafield tag="090" ind1=" " ind2=" ">
    <subfield code="a">&#xE2D;&#xE28;</subfield>
    <subfield code="b">&#xE2D;525&#xE23; 2545</subfield>
  </datafield>
  <datafield tag="100" ind1="0" ind2="0">
    <subfield code="a">&#xE2D;&#xE31;&#xE0D;&#xE0A;&#xE25;&#xE35; &#xE2A;&#xE38;&#xE2A;&#xE32;&#xE22;&#xE31;&#xE13;&#xE2B;&#xE4C;</subfield>
    <subfield code="9">29697</subfield>
  </datafield>
  <datafield tag="245" ind1="1" ind2="0">
    <subfield code="a">&#xE23;&#xE27;&#xE21;&#xE1A;&#xE17;&#xE04;&#xE27;&#xE32;&#xE21;&#xE27;&#xE34;&#xE0A;&#xE32;&#xE01;&#xE32;&#xE23;&#xE02;&#xE2D;&#xE07;&#xE2D;&#xE32;&#xE08;&#xE32;&#xE23;&#xE22;&#xE4C;&#xE2D;&#xE31;&#xE0D;&#xE0A;&#xE25;&#xE35; &#xE2A;&#xE38;&#xE2A;&#xE32;&#xE22;&#xE31;&#xE13;&#xE2B;&#xE4C; : </subfield>
    <subfield code="b">&#xE17;&#xE35;&#xE48;&#xE23;&#xE30;&#xE25;&#xE36;&#xE01;&#xE43;&#xE19;&#xE07;&#xE32;&#xE19;&#xE1E;&#xE23;&#xE30;&#xE23;&#xE32;&#xE0A;&#xE17;&#xE32;&#xE19;&#xE40;&#xE1E;&#xE25;&#xE34;&#xE07;&#xE28;&#xE1E; &#xE19;&#xE32;&#xE07;&#xE2A;&#xE32;&#xE27;&#xE2D;&#xE31;&#xE0D;&#xE0A;&#xE25;&#xE35; &#xE2A;&#xE38;&#xE2A;&#xE32;&#xE22;&#xE31;&#xE13;&#xE2B;&#xE4C; &#xE17;.&#xE0A;., &#xE17;.&#xE21;. &#xE13; &#xE0C;&#xE32;&#xE1B;&#xE19;&#xE2A;&#xE16;&#xE32;&#xE19; &#xE27;&#xE31;&#xE14;&#xE18;&#xE32;&#xE15;&#xE38;&#xE17;&#xE2D;&#xE07; &#xE01;&#xE23;&#xE38;&#xE07;&#xE40;&#xE17;&#xE1E;&#xE21;&#xE2B;&#xE32;&#xE19;&#xE04;&#xE23; /</subfield>
    <subfield code="c">&#xE2D;&#xE31;&#xE0D;&#xE0A;&#xE25;&#xE35; &#xE2A;&#xE38;&#xE2A;&#xE32;&#xE22;&#xE31;&#xE13;&#xE2B;&#xE4C;</subfield>
  </datafield>
  <datafield tag="260" ind1=" " ind2=" ">
    <subfield code="a">&#xE01;&#xE23;&#xE38;&#xE07;&#xE40;&#xE17;&#xE1E;&#xE2F; : </subfield>
    <subfield code="b">&#xE2D;&#xE21;&#xE23;&#xE34;&#xE19;&#xE17;&#xE23;&#xE4C;&#xE1E;&#xE23;&#xE34;&#xE49;&#xE19;&#xE15;&#xE34;&#xE49;&#xE07;&#xE41;&#xE2D;&#xE19;&#xE14;&#xE4C;&#xE1E;&#xE31;&#xE1A;&#xE25;&#xE34;&#xE0A;&#xE0A;&#xE34;&#xE48;&#xE07;, </subfield>
    <subfield code="c">2545</subfield>
  </datafield>
  <datafield tag="300" ind1=" " ind2=" ">
    <subfield code="a">740 &#xE2B;&#xE19;&#xE49;&#xE32; :</subfield>
    <subfield code="b">&#xE20;&#xE32;&#xE1E;&#xE1B;&#xE23;&#xE30;&#xE01;&#xE2D;&#xE1A; ;</subfield>
    <subfield code="c">30 &#xE0B;&#xE21;.</subfield>
  </datafield>
  <datafield tag="600" ind1=" " ind2="0">
    <subfield code="9">29025</subfield>
    <subfield code="a">&#xE2D;&#xE31;&#xE0D;&#xE0A;&#xE25;&#xE35; &#xE2A;&#xE38;&#xE2A;&#xE32;&#xE22;&#xE31;&#xE13;&#xE2B;&#xE4C; </subfield>
    <subfield code="x">&#xE0A;&#xE35;&#xE27;&#xE1B;&#xE23;&#xE30;&#xE27;&#xE31;&#xE15;&#xE34;</subfield>
  </datafield>
  <datafield tag="651" ind1=" " ind2="4">
    <subfield code="9">12703</subfield>
    <subfield code="a">&#xE44;&#xE17;&#xE22;</subfield>
    <subfield code="x">&#xE1B;&#xE23;&#xE30;&#xE27;&#xE31;&#xE15;&#xE34;&#xE28;&#xE32;&#xE2A;&#xE15;&#xE23;&#xE4C;</subfield>
    <subfield code="y">&#xE01;&#xE23;&#xE38;&#xE07;&#xE23;&#xE31;&#xE15;&#xE19;&#xE42;&#xE01;&#xE2A;&#xE34;&#xE19;&#xE17;&#xE23;&#xE4C;, 2325- </subfield>
  </datafield>
  <datafield tag="651" ind1=" " ind2="4">
    <subfield code="9">5819</subfield>
    <subfield code="a">&#xE22;&#xE38;&#xE42;&#xE23;&#xE1B;</subfield>
    <subfield code="x">&#xE1B;&#xE23;&#xE30;&#xE27;&#xE31;&#xE15;&#xE34;&#xE28;&#xE32;&#xE2A;&#xE15;&#xE23;&#xE4C;</subfield>
  </datafield>
  <datafield tag="850" ind1=" " ind2=" ">
    <subfield code="a">NALT</subfield>
  </datafield>
  <datafield tag="856" ind1="4" ind2="0">
    <subfield code="u">https://dl.parliament.go.th/handle/lirt/593589</subfield>
  </datafield>
  <datafield tag="942" ind1=" " ind2=" ">
    <subfield code="c">CRE</subfield>
    <subfield code="2">local</subfield>
  </datafield>
  <datafield tag="996" ind1=" " ind2=" ">
    <subfield code="a">jamriang.p</subfield>
    <subfield code="b">CATSTF	</subfield>
    <subfield code="c">2024-08-23</subfield>
  </datafield>
  <datafield tag="999" ind1=" " ind2=" ">
    <subfield code="c">54549</subfield>
    <subfield code="d">54549</subfield>
  </datafield>
  <datafield tag="998" ind1=" " ind2=" ">
    <subfield code="j">104</subfield>
    <subfield code="k"> &#xE19;&#xE32;&#xE07;&#xE2A;&#xE32;&#xE27;&#xE2A;&#xE32;&#xE22;&#xE1D;&#xE19;  &#xE14;&#xE35;&#xE07;&#xE32;&#xE21;</subfield>
  </datafield>
  <datafield tag="952" ind1=" " ind2=" ">
    <subfield code="0">0</subfield>
    <subfield code="1">0</subfield>
    <subfield code="2">local</subfield>
    <subfield code="4">0</subfield>
    <subfield code="7">0</subfield>
    <subfield code="8">CCRE</subfield>
    <subfield code="a">NALT</subfield>
    <subfield code="b">NALT</subfield>
    <subfield code="c">CRE</subfield>
    <subfield code="e">&#xE1A;&#xE23;&#xE34;&#xE08;&#xE32;&#xE04;</subfield>
    <subfield code="l">0</subfield>
    <subfield code="o">&#xE2D;&#xE28; &#xE2D;525&#xE23;  2545</subfield>
    <subfield code="p">3961170318</subfield>
    <subfield code="r">2017-06-09 00:00:00</subfield>
    <subfield code="w">2017-06-09</subfield>
    <subfield code="y">CRE</subfield>
  </datafield>
</record>
